10 Least Visited Countries in the Americas - Statistics

General Stats
  • This quiz has been taken 2,382 times
  • The average score is 9 of 10
Answer Stats
Rank Country % Correct
9 Haiti
91%
2 Dominica
89%
3 Saint Kitts and Nevis
89%
10 Saint Lucia
88%
1 Saint Vincent and the Grenadines
88%
4 Grenada
85%
5 Guyana
85%
7 Suriname
84%
6 Antigua and Barbuda
83%
8 Belize
80%
No matching quizzes found
Score Distribution
Percent of People with Each Score
Percentile by Number Answered
Your Score History
You have not taken this quiz